000 00715nam a2200241Ia 4500
003 OSt
005 20220926005423.0
006 a|||||r|||| 00| 0
007 ta
008 220923b |||||||| |||| 00| 0 eng d
037 _cGeneral Book
040 _aRTL
_cRTL
_beng
041 _2eng
_aeng
082 _aY49:47.2.N3, M4
100 _aChatterji Rakhahari
245 0 _aWorking class and the nationalist movement in India The critical years
260 _a New Delhi
_bSouth Asian Publishers
_c1984
300 _aix, 215p
_ccm.
500 _aAppendix: p 205-208
650 _aWorking Class
942 _hY49:47.2.N3, M4
_cGB
_2CC
999 _c613779
_d613779